000 00296nam a2200121Ia 4500
008 191201s2012 xx 000 0 und d
100 _aSHARMA, Paritosh
245 0 _aMarketing Management
260 _aN. Delhi
_bDhanpat Rai Pub (P) Ltd
_c2012
300 _a400
650 _aMBA
942 _2ddc
_cBK
999 _c6560
_d6560